Word Ladder: Sweet Treat Quiz Stats

 Plays Quiz Updated Feb 14, 2017

Support Sporcle.
Go Orange.
Score 0/20 Timer 02:00
0 Plays Today
Hint 5-Letter Word % Correct
McPhee or Poppins, e.g.NANNY
87.1%
Get on a planeBOARD
82.2%
Nash says it’s dandy, but liquor is quicker♥ CANDY ♥
77.9%
Collect, amassHOARD
73.8%
Aurally detectedHEARD
73.3%
Internal pump♥ HEART ♥
71.4%
Astute or shrewdCANNY
70.8%
Cheek cosmeticROUGE
70.4%
BragBOAST
63.6%
Charge an excessive priceGOUGE
60.4%
Hint 5-Letter Word % Correct
ChasmGORGE
58.8%
Mock mercilessly, as a comedianROAST
58.2%
_____ nuit (good night en français)BONNE
56%
ExciteROUSE
55%
Non-gem-quality diamondBOART
53%
With a hey _____ noNONNY
52.3%
Danish comedian-pianist VictorBORGE
48.5%
Carried, as by the windBORNE
47.3%
Radiantly healthyBONNY
46.9%
Dump out of bedROUST
45.9%

Today's Daily Dose

You're not logged in!

Compare scores with friends on all Sporcle quizzes.
OR
Log In
Forgot?

From the Vault

Famous People in the Movies

by DIEGO1000

Yeah that... That really narrows everything down for us.
Remove Ads.
Support Sporcle.
Get the best of Sporcle when you Go Orange. This ad-free experience offers more features, more stats, and more fun while also helping to support Sporcle. Thank you for becoming a member.

Show Comments

Extras

Top Quizzes Today


Score Distribution

Your Account Isn't Verified!

In order to create a playlist on Sporcle, you need to verify the email address you used during registration. Go to your Sporcle Settings to finish the process.

Report this User

Report this user for behavior that violates our Community Guidelines.

Details: